000 02235 a2200229 4500
005 20260316075142.0
020 _a9789849798803
050 _aH62
_bFEI 2024
100 _aFeigenblatt, Otto Federico von
_eeditor
245 _a Ethics in social science research :
_bcurrent insights and practical strategies /
_cOtto Von Feigenblatt and M. Rezaul Islam
264 _aGateway East, Singapore :
_bSpringer,
_c2024
300 _axxiii, 263 pages ;
_billustrations
336 _2rdacontent
_atext
_btxt
337 _2rdamedia
_aunmediated
_bn
338 _2rdacarrier
_avolume
_bnc
504 _aIncludes bibliographical references
505 _a.
520 _aThis book offers a comprehensive and practical exploration of research ethics in various social science disciplines. It goes beyond theory to provide practical guidance for researchers by offering concrete strategies, case studies, and examples to navigate ethical challenges in their research contexts. It equips readers with actionable insights and tools for ethical decision-making, enhancing its value as a practical resource. The chapters share the expertise of distinguished scholars worldwide, offering a nuanced understanding of diverse research contexts. This interdisciplinary lens makes the book relevant and applicable to a broader readership. The chapters include recent developments, emerging ethical issues, and relevant changes in guidelines and regulations. It engages readers through an accessible writing style that presents complex ethical concepts and frameworks clearly and understandably. The insights and strategies foster a deeper appreciation for ethical research practices and a nuanced understanding of the ethical obligations inherent in social science research. It caters to academic audiences and researchers who may be new to the subject, making it more approachable and appealing to a broader readership. It is an indispensable resource for researchers, educators, and practitioners seeking to fortify their understanding of ethical responsibilities and best practices within social science research.
650 _aSocial sciences--Research
_xMoral and ethical aspects
700 _aIslam, M. Rezaul
_eauthor
942 _2lcc
_cBK
_h62
_iFEI
_kH
999 _c11706
_d11706